000 00665nam a2200181Ia 4500
008 151202s9999||||xx |||||||||||||| ||und||
082 _bPNVM-66640
100 _aबहुलेकर अनिल.
245 _aअर्ध्यावरती डाव मोडला.
260 _bसंगीता प्रकाशन मुंबई 71.
260 _c2006
300 _a152
600 _aबहुलेकर अनिल.
630 _aअर्ध्यावरती डाव मोडला.
700 _aबहुलेकर अनिल.
730 _aअर्ध्यावरती डाव मोडला.
942 _cBOOK
999 _c1333172
_d1333169